Analyse 1

Bibliographic Details
Main Authors: Meulenbeld, B, Grootendorst, A. W.
Format: Section = Libro
Language:Undetermined
Spanish
Published: Ruso Stam technische Boeken 1974
Subjects:
LEADER 00443nam a2200181Ia 4500
008 240830s9999 xx 000 0 und d
040 |a CEDOC FIQ-RUSB / 543 M597 
041 |a spa 
082 |a 543 M597 
100 1 |a Meulenbeld, B 
100 1 |b Grootendorst, A. W. 
245 1 0 |a Analyse 1 
260 |a Ruso  |b Stam technische Boeken  |c 1974 
300 |a 414 p.: il. 
650 7 |a QUÍMICA ANALíTICA 
942 |c BK  |2 ddc 
991 |a TEXTO 
999 |c 13743